LEADER 01797nam a2200373 u 4500 001 000000010221 003 CaOOAMICUS 005 20070226105307.0 008 940516s1984 it u000 u ita u 020 $a88-16-95001-3 035 $a10253849 040 $aPUL(R)$bita 245 10$aDiritto e corporeitą :$bprospettive filosofiche e profili giuridici della disponibilitą del corpo umano /$cS. Cotta ... [et al.] ; studi raccolti da Francesco D'Agostino. 260 $aMilano :$bJaca Book,$c1984. 300 $a145 p. ;$c23 cm 490 1 $aLe Edizioni universitarie Jaca.$aFilosofia ;$v1 504 $aBibliografia in nota. 650 4$aDiritti della persona.$0(OLS)http://pul/subject/6957 650 4$aDiritti umani.$0(OLS)http://pul/subject/3219 700 1 $aD'Agostino, Francesco,$d1946-$0(OLS)http://pul/name/10086 700 1 $aCotta, Sergio,$d1920-2007.$0(OLS)http://pul/name/5779 700 1 $aVitale, Vincenzo.$0(OLS)http://pul/name/10089 700 1 $aAmato Mangiameli, Agata C.$0(OLS)http://pul/name/10087 700 1 $aLisitano, Anna Maria.$0(OLS)http://pul/name/10088 700 1 $aAmato, Salvatore.$0(OLS)http://pul/name/8061 830 3$aLe Edizioni universitarie Jaca.$pFilosofia ;$v1.$0(OLS)http://pul/title/175 850 $aPUL 852 $aPUL$W1$xSL Diritto e Scienze Sociali 1$y4$m237 C 89$j14552$nBK-PRI$b $qStampati$B14552$CPULBib$Z2$F14552 $H $81 941 1 $a8 960 $aDiritti dell'uomo$93219 961 $aINV: 79035 996 $6020$a88-16-95001-3$9(OLS)http://pul/number/13134 996 $6245$aDiritto e corporeitą :$bprospettive filosofiche e profili giuridici della disponibilitą del corpo umano$9(OLS)http://pul/title/14946 996 $6260$aMilano :$bJaca Book$9(OLS)http://pul/publisher/47900 LEADER 01283nam a2200277 a 4500 001 000000105542 003 CaOOAMICUS 005 20070611114038.0 008 070611s2005 it 000 0 ita d 020 $a88-88926-20-8 040 $aPUL$bita$dLDB 100 1 $aDesideri, Osvaldo.$0(OLS)http://pul/name/64802 245 10$aRagione e intelligenza :$bun contributo alla formazione dell'io /$cOsvaldo Desideri. 246 04$aRagione e intelletto$bper una filosofia "poietica" 260 $aRoma :$bLeonardo da Vinci,$cc2005. 300 $a266 p. ;$c21 cm 490 1 $aBiblioteca di Sensus communis ;$v5 504 $aBibliografia in nota. 650 14$aCoscienza.$0(OLS)http://pul/subject/5039 830 0$aBiblioteca di Sensus communis ;$v5.$0(OLS)http://pul/title/132840 850 $aPUL 852 $aPUL$W1$xSL Filosofia 3$y81$m190 DESOS 1$j118280$qDDC 21$B118181$CPULBib$Z2$F118181 $H102124 $82 996 $6020$a88-88926-20-8$9(OLS)http://pul/number/134738 996 $6245$aRagione e intelligenza :$bun contributo alla formazione dell'io$9(OLS)http://pul/title/132838 996 $6246$aRagione e intelletto$bper una filosofia "poietica"$9(OLS)http://pul/title/132839 996 $6260$aRoma :$bLeonardo da Vinci$9(OLS)http://pul/publisher/51778